Kraj opravuje cesty v rekordnom množstve

Bibliographic Details
Main Author: red (Author)
Format: Article
Language:Slovak
PhysicalDescription:Fotografie
ISSN:2644-4259
Subjects:

MARC

LEADER 00000nab a2200000u 4500
001 vtls011905317
003 SK-MaSNL
005 20260304214520.0
008 191204|2019 xo ||||||| || ||slo|
038 |a KEVKJB 
040 |a KEVKJB  |b slo  |e rda 
041 0 |a slo 
043 |a e-xo--- 
044 |a xo  |c SK 
072 7 |a 625  |x Pozemné komunikácie. Železničné staviteľstvo  |2 konspekt 
080 |a 625.7/.8  |2 2011 
100 1 |a red.  |4 aut  |9 848321 
245 1 0 |a Kraj opravuje cesty v rekordnom množstve  |c [autor] red. 
300 |b Fotografie 
336 |a text  |b txt  |2 rdacontent 
337 |a bez média  |b n  |2 rdamedia 
338 |a zväzok  |b nc  |2 rdacarrier 
610 2 7 |a Košický samosprávny kraj (Slovensko).  |b Úrad  |2 SNKKA  |9 30611 
650 0 7 |a pozemné komunikácie  |2 SNKPH  |9 3578 
650 0 7 |a rekonštrukcie  |2 SNKPH  |9 24616 
651 7 |a Košice (Slovensko)  |2 SNKPHgeo  |9 18694 
651 7 |a Košický samosprávny kraj (Slovensko)  |2 SNKPHgeo  |9 195425 
773 0 |t Rozhýbaný kraj  |g Roč. 2., č. 4 (2019), s. 7-8  |x 2644-4259 
852 |a KEVKJB  |b KIS3GCP 
999 |c 3141713  |d 3143643